ASP.NET with C#: The basics (Record no. 334)

MARC details
000 -LEADER
fixed length control field 00380nam a2200157Ia 4500
008 - FIXED-LENGTH DATA ELEMENTS--GENERAL INFORMATION
fixed length control field 130318s9999 xx 000 0 und d
020 ## - INTERNATIONAL STANDARD BOOK NUMBER
International Standard Book Number 8176564214
082 ## - DEWEY DECIMAL CLASSIFICATION NUMBER
Classification number 006.76A MUK/A
100 ## - MAIN ENTRY--PERSONAL NAME
Personal name Mukhi, Sonal
245 ## - TITLE STATEMENT
Title ASP.NET with C#: The basics
260 ## - PUBLICATION, DISTRIBUTION, ETC.
Name of publisher, distributor, etc. BPB
Place of publication, distribution, etc. New Delhi
Date of publication, distribution, etc. 2001
300 ## - PHYSICAL DESCRIPTION
Extent 504
650 ## - SUBJECT ADDED ENTRY--TOPICAL TERM
Topical term or geographic name entry element ACTIVE SERVER PAGES
650 ## - SUBJECT ADDED ENTRY--TOPICAL TERM
Topical term or geographic name entry element ASP
700 ## - ADDED ENTRY--PERSONAL NAME
Personal name Kotecha, Neha
Holdings
Withdrawn status Lost status Damaged status Not for loan Collection code Home library Current library Shelving location Date acquired Cost, normal purchase price Total Checkouts Total Renewals Full call number Barcode Date last seen Date last checked out Price effective from Koha item type
        WWW/ Javascript / JQuery / Ajax Kerala University of Digital Sciences, Innovation and Technology Knowledge Centre Kerala University of Digital Sciences, Innovation and Technology Knowledge Centre Computer Science 18/03/2013 144.00 6 1 006.76A MUK/A 335 10/06/2019 22/05/2019 18/03/2013 Books